| 000 | 00492nam a2200181Ia 4500 | ||
|---|---|---|---|
| 003 | OSt | ||
| 005 | 20241126110331.0 | ||
| 008 | 160527b xxu||||| |||| 00| 0 eng d | ||
| 020 | _a9788176328627 | ||
| 040 | _cgbc | ||
| 082 |
_a220.076 _bRHO |
||
| 100 |
_aRhodes, Ron _91582 |
||
| 245 |
_aWhat does the Bible say about ? / _b easy to understand answers to the tough questions |
||
| 260 |
_bAuthentic, _aHyderabad: _c2008 |
||
| 300 | _a395p. | ||
| 653 | _aBiblical Studies | ||
| 942 |
_2ddc _cBK _06 |
||
| 999 |
_c157 _d157 |
||